Sistemas universitarios de asignación de recursos
Збережено в:
| Автор: | |
|---|---|
| Формат: | Книга |
| Мова: | Іспанська |
| Опубліковано: |
París
Columbus
2001
París Red Alfa Manufin 2001 |
| Серія: | Manuales de Columbus
|
| Предмети: | |
| Теги: |
Додати тег
Немає тегів, Будьте першим, хто поставить тег для цього запису!
|
MARC
| LEADER | 00000nam a2200000 a 4500 | ||
|---|---|---|---|
| 001 | UCG6723 | ||
| 003 | CL-VaPUC | ||
| 008 | 110512e20010000fr |||||||||||||||||spa|d | ||
| 082 | 0 | 4 | |a 378.0072 |b POR |2 21 |
| 100 | 0 | |a Porto, Paulo Ferreira da Silva |e author |9 557072 | |
| 245 | 1 | 0 | |a Sistemas universitarios de asignación de recursos |
| 300 | |a 192 p | ||
| 942 | |c BK | ||
| 945 | |d 20110512 00:00:00 |a jcampos | ||
| 260 | |a París |b Columbus |c 2001 | ||
| 260 | |a París |b Red Alfa Manufin |c 2001 | ||
| 650 | 7 | |a EDUACION SUPERIOR |2 CL-VaPUC |9 308749 | |
| 650 | 0 | |a Asignación de recursos |9 318813 | |
| 650 | 0 | |a Tecnología |9 256742 | |
| 650 | 7 | |a INVESTIGACIONES |2 CL-VaPUC |9 261211 | |
| 583 | |a last modification |c 20171005 02:32:05 |k Rodrigo Vera | ||
| 490 | 0 | |a Manuales de Columbus | |
| 999 | |c 344869 |d 344867 | ||
| 952 | |0 0 |1 0 |4 0 |6 378_007200000000000_POR_2001_2001 |7 0 |8 ED_SUP |9 443211 |a BIBGIM |b BIBGIM |c S_PSTGRDO |d 2019-11-22 |i 4776755 |o 378.0072 POR 2001 2001 |p 4776755 |r 2025-01-15 |w 2019-11-22 |y BK_X |k ESU | ||